| 000 | 01306nam a2200325 a 4500 | ||
|---|---|---|---|
| 999 |
_c204635 _d204635 |
||
| 003 | BLK | ||
| 005 | 20240108105511.0 | ||
| 008 | 180411b bul|||||r ||||||| ||bul|| | ||
| 020 | _a9789543991914 | ||
| 040 | _aBLK | ||
| 041 |
_aBUL _cBUL |
||
| 080 |
_aАмериканска литература (на САЩ) _b821.111(73) _x-31 _z821.111(73)-31 |
||
| 100 | 1 |
_aАлън, Сара Адисън _eпърви автор _9281347 |
|
| 139 |
_aАлън, Сара Адисън _bА 59 |
||
| 245 | 1 | 0 |
_aВкусът на мечтите _bРоман _cСара Адисън Алън ; прев. Весела Прошкова. |
| 257 | _aUSA | ||
| 260 |
_aСофия _bСББ Медиа _c2016 _fСофия : Ропринт _9219405 _dСанома блясък България _n978-954-399- |
||
| 300 |
_a184 с. _c20 см |
||
| 380 | _aX | ||
| 490 |
_aСветовни бестселъри _v1 _9207069 |
||
| 500 | _aОриг. загл.: The sugar queen / Sarah Addison Allen. | ||
| 700 |
_aПрошкова, Весела Богомилова _d1950- _9365223 |
||
| 852 |
_aЦб 288066 _bЦб |
||
| 852 |
_bП _c821-31/А 59 С |
||
| 856 | 4 |
_qpdf _i0.00 _ldisable |
|
| 856 | 4 |
_qpdf _i0.00 _ldisable |
|
| 942 |
_cKNG _n0 _s1 _02 |
||
| 944 |
_aCR _c15.11.2017 _k30531 _lЦветелина Шанова |
||
| 944 |
_aED _c2023-03-27 _kКети |
||